• AIU
  • Tony Wilmot Memorial Library

Enchanted landscapes : wall paintings fr. (Record no. 41482)

MARC details
000 -LEADER
fixed length control field 00895nam a22002651a 4500
001 - CONTROL NUMBER
control field 7090162
005 - DATE AND TIME OF LATEST TRANSACTION
control field 20110718133532.0
008 - FIXED-LENGTH DATA ELEMENTS--GENERAL INFORMATION
fixed length control field 931019s1993 is a bc 001 0 eng d
020 ## - INTERNATIONAL STANDARD BOOK NUMBER
International Standard Book Number 9653870483
035 ## - SYSTEM CONTROL NUMBER
System control number (OCoLC)ocm29543254
035 ## - SYSTEM CONTROL NUMBER
-- DXM-1689
035 ## - SYSTEM CONTROL NUMBER
System control number (DPUdb)446261
040 ## - CATALOGING SOURCE
Original cataloging agency ZCU
Transcribing agency ZCU
Modifying agency GZQ
-- IAC
-- DPUdb
043 ## - GEOGRAPHIC AREA CODE
Geographic area code e------
-- -is---
049 ## - LOCAL HOLDINGS (OCLC)
Holding library IACb
090 ## - LOCALLY ASSIGNED LC-TYPE CALL NUMBER (OCLC); LOCAL CALL NUMBER (OCLC)
Classification number (OCLC) (R) ; Classification number, CALL (RLIN) (NR) ND2575
Local cutter number (OCLC) ; Book number/undivided call number, CALL (RLIN) .R69 1993
100 1# - MAIN ENTRY--PERSONAL NAME
Personal name Rozenberg, Silvia.
245 10 - TITLE STATEMENT
Title Enchanted landscapes : wall paintings fr.
260 ## - PUBLICATION, DISTRIBUTION, ETC. (IMPRINT)
Place of publication, distribution, etc Israel :
Name of publisher, distributor, etc Sirkis,
Date of publication, distribution, etc 1993.
300 ## - PHYSICAL DESCRIPTION
Extent 176 p. : ill. ;
500 ## - GENERAL NOTE
General note "Published in conjunction with a special exhibition at the Bible Lands Museum Jerusalem, May 1993"--T.p. verso.
504 ## - BIBLIOGRAPHY, ETC. NOTE
Bibliography, etc "Published in conjunction with a special exhibition at the Bible Lands Museum Jerusalem, May 1993"--T.p. verso.
710 2# - ADDED ENTRY--CORPORATE NAME
Corporate name or jurisdiction name as entry element Bible Lands Museum Jerusalem.
994 ## -
-- 02
-- IAC
Holdings
Withdrawn status Lost status Source of classification or shelving scheme Damaged status Not for loan Collection code Home library Current library Shelving location Date acquired Cost, normal purchase price Total Checkouts Full call number Barcode Date last seen Copy number Price effective from Koha item type
    Library of Congress Classification     General Circulation AIU/NEGST - Tony Wilmot Memorial Library AIU/NEGST - Tony Wilmot Memorial Library General Stacks 02/23/2010 55.00   REF ND 2575.R69 1993 R56089F3232 09/26/2019 1 02/23/2010 Reference